000 00512pab a2200169 454500
008 180718b2005 xxu||||| |||| 00| 0 eng d
100 _aBolnick, Joel
245 _aThe methodist church's initiative to use its vacant land to support homeless people's housing and livelihoods in South A frica
260 _c2005
300 _ap.115-21.
362 _aApr
650 _aHousing - South Africa
650 _aHousing
700 _aRensburg, Greg Van
773 _aEnvironment and Urbanization
909 _a65152
999 _c65152
_d65152